00485nam a2200157Ia 4500003000400000008004100004040001600045082001800061100002200079245010600101260005100207300001000258650001900268650002700287650001300314GCL140319s9999 xx 000 0 eng d aGCL / cGCL04a150.1952bM F1 aMC GUIRE, WILLIAM10aTHE FREUD, JUNG LETTERS: THE CORRESPONDENCE BETWEEN SIGMUND FREUD AND C.G. JUNG / cMC GUIRE, WILLIAM a[S.N] : bPRINCETON UNIVERSITY PRESS ، c1994 a283 P04aPSYCHOANALYSIS04aFREUD, S.(1856 - 1939)04aJUGGLING